|
|
|
|
| LEADER |
00880nam a2200205 a 4500 |
| 001 |
763108 |
| 008 |
100512s1969 nyua b 001 0 eng d |
| 010 |
|
|
|a \\\69012895
|
| 040 |
|
|
|a DLC
|c DLC
|d DLC
|d BD-DhAAL
|
| 082 |
0 |
0 |
|a 301.2
|2 17
|
| 100 |
1 |
|
|a Bock, Philip K.
|
| 245 |
1 |
0 |
|a Modern cultural anthropology :
|b an introduction /
|c by Philip K. Bock. Consulting editor: Anthony F. C. Wallace.
|
| 260 |
|
|
|a New York :
|b Knopf,
|c 1969.
|
| 300 |
|
|
|a xv, 467, ix p. :
|b illus. ;
|c 26 cm.
|
| 504 |
|
|
|a Includes bibliographical references and index.
|
| 541 |
1 |
|
|e 00000057
|
| 650 |
|
0 |
|a Ethnology.
|
| 852 |
4 |
|
|a Ayesha Abed Library
|j General Shelf
|
| 999 |
|
|
|c 8536
|d 8536
|
| 952 |
|
|
|0 0
|1 0
|2 ddc
|4 0
|6 301_200000000000000_BOC_1969
|7 0
|9 10099
|a BRACUL
|b BRACUL
|c GEN
|d 2010-05-12
|f 00
|g 0.00
|l 1
|m 5
|o 301.2 BOC
|p 3010000057
|r 2016-08-30
|s 2013-05-28
|t 1
|w 2010-05-12
|y BK
|z Not price in Register
|x Not price in Register
|